000 00453nam a2200157Ia 4500
008 151021s9999 xx 000 0 und d
020 _a801333148
050 _aLA 205.H52 2002
245 _a_Historical Documents in American Education /
260 _aBoston : Allyand Bacon , 2002
300 _aix,241 p.
500 _aIncludes index
500 _aIncludes index
650 _a_Education -United States
980 _a^d20130516 11:46:08^oanne
999 _c13373
_d13373